Flooding special (Record no. 74841)

MARC details
000 -LEADER
fixed length control field 01165cab a2200253 4500
001 - CONTROL NUMBER
control field ABS68728
008 - FIXED-LENGTH DATA ELEMENTS--GENERAL INFORMATION
fixed length control field 050225n2005 000 0 eng u
035 ## - SYSTEM CONTROL NUMBER
System control number (Sirsi) u128889
100 ## - MAIN ENTRY--PERSONAL NAME
Personal name Greenman, A.
245 ## - TITLE STATEMENT
Title Flooding special
260 ## - PUBLICATION, DISTRIBUTION, ETC.
Date of publication, distribution, etc. 2005
490 ## - SERIES STATEMENT
Series statement New Civil Engineer
Volume/sequential designation (1565) 10 February 2005, 21-28(6)
520 ## - SUMMARY, ETC.
Summary, etc. Group of four articles on flood warning, flood protection and prevention measures. "Flashing light" reports on the Environment Agency's addition of flash flooding to its warning systems in the wake of the Boscastle disaster. "History lesson" covers the major overhaul given to Derby's 70-year old flood defences. "No piddling matter" describes how the construction of an aquatic bypass will save the west Dorset village Piddletrenthide from future flooding and "Going down a storm" looks at the construction methods used to build a stormwater storage tank in Sheffield.
590 ## - LOCAL NOTE (RLIN)
Local note ABS
650 ## - SUBJECT ADDED ENTRY--TOPICAL TERM
Topical term or geographic name entry element FLOODING
650 ## - SUBJECT ADDED ENTRY--TOPICAL TERM
Topical term or geographic name entry element PLANNING
650 ## - SUBJECT ADDED ENTRY--TOPICAL TERM
Topical term or geographic name entry element MAPPING
650 ## - SUBJECT ADDED ENTRY--TOPICAL TERM
Topical term or geographic name entry element GIS
690 ## - LOCAL SUBJECT ADDED ENTRY--TOPICAL TERM (OCLC, RLIN)
Topical term or geographic name as entry element ENVIRONMENTAL AND LAND CONSULTANCY
700 ## - ADDED ENTRY--PERSONAL NAME
Personal name Taylor, C.
700 ## - ADDED ENTRY--PERSONAL NAME
Personal name Mylius, A.
700 ## - ADDED ENTRY--PERSONAL NAME
Personal name Redfern, B.
942 ## - ADDED ENTRY ELEMENTS (KOHA)
Suppress in OPAC 0
Holdings
Withdrawn status Lost status Source of classification or shelving scheme Damaged status Not for loan Home library Current library Shelving location Date acquired Total Checkouts Full call number Barcode Date last seen Copy number Price effective from Koha item type
    Dewey Decimal Classification     London London Journal article 25/02/2005   ABS68728 128889-1001 06/08/2019 1 06/08/2019 Journal article